Studies on The effect of Plant Growth regulators on Growth and flowering of Zinnia (Zinnia elegans Jacq.) (Record no. 50090)

MARC details
000 -LEADER
fixed length control field 00490nam a22001577a 4500
003 - CONTROL NUMBER IDENTIFIER
control field OSt
008 - FIXED-LENGTH DATA ELEMENTS--GENERAL INFORMATION
fixed length control field 260420b |||||||| |||| 00| 0 eng d
082 ## - DEWEY DECIMAL CLASSIFICATION NUMBER
Classification number 635.9
Item number A62S
100 ## - MAIN ENTRY--PERSONAL NAME
Personal name Ansari, Md. Shamsuddin
245 ## - TITLE STATEMENT
Title Studies on The effect of Plant Growth regulators on Growth and flowering of Zinnia (Zinnia elegans Jacq.)
260 ## - PUBLICATION, DISTRIBUTION, ETC. (IMPRINT)
Place of publication, distribution, etc Pusa, Samastipur
Name of publisher, distributor, etc RAU, Pusa
Date of publication, distribution, etc 1987
300 ## - PHYSICAL DESCRIPTION
Extent 101P.
502 ## - DISSERTATION NOTE
Degree type Msc.
Year degree granted 1987
650 ## - SUBJECT ADDED ENTRY--TOPICAL TERM
Topical term or geographic name as entry element Horticulture (Vegetable & Floricuture)
942 ## - ADDED ENTRY ELEMENTS (KOHA)
Source of classification or shelving scheme
Koha item type Thesis
Holdings
Withdrawn status Lost status Source of classification or shelving scheme Damaged status Not for loan Home library Current library Date acquired Total Checkouts Full call number Barcode Date last seen Bill Date Koha item type
          Dr. Rajendra Prasad Central Agricultural University Pusa, Dr. Rajendra Prasad Central Agricultural University Pusa, 20/04/2026   635.9 A62S 40899 20/04/2026 20/04/2026 Thesis
Hosted, Implemented, Customized & Maintained by: BestBookBuddies

Powered by Koha